000 00732nam a2200205Ii 4500
003 JO-AjNU
008 230605s9999||||xx |||||||||||||| ||und||
040 _aJO-AjNU
_bara
_erda
_cJO-AjNU
041 _aara
050 1 4 _aDS154.5.A33 2006
100 3 _aتاليف العفيف، أحمد خليف، م.مشارك صالح، قاسم محمد، م.مشارك الزبزن، محمد سليم,
_eauthor
_932937
245 0 0 _aالتربية الوطنية
250 _aط2
264 3 1 _aعمان: دار جرير للنشر والتوزيع، 2006
300 _a303ص
336 _atext
_btxt
_2rdacontent
337 _aunmediated
_bn
_2rdamedia
338 _avolume
_bnc
_2rdacarrier
650 4 _aالاردن-تاريخ
_932938
999 _aA13354
_c16922
_d16922